| 000 | 00498nam a2200157Ia 4500 | ||
|---|---|---|---|
| 008 | 140626s9999 xx 000 0 und d | ||
| 100 | _aKehoe, Rebecca. | ||
| 245 | 4 |
_aThe impact of high-performance human resource practices on employee's attitudes and behaviors / _cRebecca Kehoe ... [et al.]. |
|
| 260 | _cc2013. | ||
| 300 | _a39 : 2, page 366 | ||
| 440 | _aJournal of Management | ||
| 521 | _aBSBA | ||
| 650 | _aCommitment. | ||
| 650 | _aStrategic human resource management. | ||
| 942 | _cSE | ||
| 999 |
_c121014 _d121014 |
||